El olvido / (Record no. 196801)
[ view plain ]
| 000 -LEADER | |
|---|---|
| campo de control de longitud fija | 01289nam a2200361 i 4500 |
| 001 - NÚMERO DE CONTROL | |
| campo de control | 196801 |
| 003 - IDENTIFICADOR DE NÚMERO DE CONTROL | |
| campo de control | ES-MaACL |
| 005 - FECHA Y HORA DE LA ÚLTIMA TRANSACCIÓN | |
| campo de control | 20250804062715.0 |
| 008 - DATOS DE LONGITUD FIJA--INFORMACIÓN GENERAL | |
| campo de control de longitud fija | 241203s2001 sp | ||| ||spa |
| 016 7# - NÚMERO DE CONTROL DE UNA AGENCIA BIBLIOGRÁFICA NACIONAL | |
| Número de control del registro | bimoBNE20020491251 |
| Fuente | SpMaBN |
| 017 ## - NÚMERO DE COPYRIGHT O DE DEPÓSITO LEGAL | |
| Número de copyright o de depósito legal | M 43646-2001 |
| Agencia que asigna | Oficina Depósito Legal Madrid |
| 020 ## - NÚMERO INTERNACIONAL ESTÁNDAR DEL LIBRO | |
| Número Internacional Estándar del Libro | 8408041274 |
| 035 ## - NÚMERO DE CONTROL DEL SISTEMA | |
| Número de control de sistema | (OCoLC)433130681 |
| 035 ## - NÚMERO DE CONTROL DEL SISTEMA | |
| Número de control de sistema | (SpMaBN)bimo0001791447 |
| 040 ## - FUENTE DE CATALOGACIÓN | |
| Centro catalogador/agencia de origen | SpMaBN |
| Lengua de catalogación | spa |
| Centro/agencia transcriptor | SpMaBN |
| Normas de descripción | rdc |
| 080 ## - NÚMERO DE LA CLASIFICACIÓN DECIMAL UNIVERSAL | |
| Número de la Clasificación Decimal Universal | 821.134.2-31"19" |
| 100 1# - ENTRADA PRINCIPAL--NOMBRE DE PERSONA | |
| Nombre de persona | Bonells, Jordi, |
| Fechas asociadas al nombre | 1951- |
| 9 (RLIN) | 239346 |
| Término indicativo de función/relación | Autor |
| 245 13 - MENCIÓN DEL TÍTULO | |
| Título | El olvido / |
| Mención de responsabilidad, etc. | Jorge Bonells. |
| 250 ## - MENCION DE EDICION | |
| Mención de edición | Primera edición: noviembre de 2001 |
| 260 ## - PUBLICACIÓN, DISTRIBUCIÓN, ETC. | |
| Lugar de publicación, distribución, etc. | Barcelona : |
| Nombre del editor, distribuidor, etc. | Planeta, |
| Fecha de publicación, distribución, etc. | 2001. |
| 300 ## - DESCRIPCIÓN FÍSICA | |
| Extensión | 215 páginas ; |
| Dimensiones | 22 cm |
| 336 ## - TIPO DE CONTENIDO | |
| Fuente | rdacontent |
| Término de tipo de contenido | texto |
| 337 ## - TIPO DE MEDIO | |
| Fuente | rdamedia |
| Nombre/término del tipo de medio | sin mediación |
| 338 ## - TIPO DE SOPORTE | |
| Fuente | rdacarrier |
| Nombre/término del tipo de soporte | volumen |
| 490 1# - MENCIÓN DE SERIE | |
| Mención de serie | Autores españoles e iberoamericanos |
| 655 #0 - TERMINO DE INDIZACIÓN--GENERO/FORMA | |
| Datos o término principal de género/forma | Novelas |
| 9 (RLIN) | 234319 |
| 852 ## - LOCALIZACIÓN | |
| Ubicación | ES-M aACL |
| Ubicación en estantería | Depósito J |
| Número de control de estantería | N-10249 |
| Donativo/Legado | Donación: José Lázaro García |
| Encuadernación | Encuadernación rústica con solapas |
| itemnumber | 206375 |
| 903 ## - NOMBRE PERSONAL DE DONANTE | |
| 9 | 234219 |
| a | Lázaro García, José |
| e | Donante |
| 942 ## - ELEMENTOS DE ENTRADA SECUNDARIOS (KOHA) | |
| Tipo de ítem Koha | Libro impreso |
| Suprimir en OPAC | No |
| Estatus retirado | Estado de pérdida | Fuente del sistema de clasificación o colocación | Estado de daño | No para préstamo | Biblioteca de origen | Biblioteca actual | Ubicación en estantería | Fecha de adquisición | Fuente de adquisición | Total de préstamos | Signatura topográfica completa | Código de barras | Visto por última vez | Precio de reemplazo | Tipo de ítem Koha |
|---|---|---|---|---|---|---|---|---|---|---|---|---|---|---|---|
| Clasificación decimal universal | Biblioteca del Ateneo de Madrid | Biblioteca del Ateneo de Madrid | Depósito J | 28/07/2025 | Donación | N-10249 | 2025-0760 | 28/07/2025 | 28/07/2025 | Libro impreso |
